00563nam a2200193 a 4500001001300000003000900013005001700022008004100039020002300080082001500103100001800118245005700136260005000193300000900243500003500252505004800287650001600335700001800351nice12345678IN_TiNIC20260116014705.0100806s2010 newa grp 000 0 eng  a9788130913179c29500a297.8bKHU aKhuri, Fuad I aImams and Emirsb State, Religion and Sects in Islam aNew Delhi bViva Books Private Limited c2010 a270p aincludes index and biblioraphy2 aBibliography, Indices of Concepts and Names aIslam-Sects1 aKhuri, Fuad I